Home and livelihood technology for teacher education, book 1/ (Record no. 11936)
[ view plain ]
| 000 -LEADER | |
|---|---|
| fixed length control field | 00956nam a22002657i 4500 |
| 003 - CONTROL NUMBER IDENTIFIER | |
| control field | URS |
| 005 - DATE AND TIME OF LATEST TRANSACTION | |
| control field | 20220117094935.0 |
| 008 - FIXED-LENGTH DATA ELEMENTS--GENERAL INFORMATION | |
| fixed length control field | 170722b xxu||||| |||| 00| 0 eng d |
| 020 ## - INTERNATIONAL STANDARD BOOK NUMBER | |
| International Standard Book Number | 9712311120 |
| 040 ## - CATALOGING SOURCE | |
| Description conventions | rda |
| Transcribing agency | college |
| Language of cataloging | eng |
| 050 00 - LIBRARY OF CONGRESS CALL NUMBER | |
| Classification number | TX 165 |
| Item number | D134 1993 |
| 100 1# - MAIN ENTRY--PERSONAL NAME | |
| Personal name | Dagoon, Jesse D., |
| Relator term | author |
| 245 10 - TITLE STATEMENT | |
| Title | Home and livelihood technology for teacher education, book 1/ |
| Remainder of title | a comprehensive textbook for use in college practical arts and livelihood education courses |
| Statement of responsibility, etc. | Dagoon, Jesse D.; Dagoon, Salvador; Lañada, Haidee B. |
| 264 #1 - PRODUCTION, PUBLICATION, DISTRIBUTION, MANUFACTURE, AND COPYRIGHT NOTICE | |
| Place of production, publication, distribution, manufacture | Manila: |
| Name of producer, publisher, distributor, manufacturer | Rex Book Store, |
| Date of production, publication, distribution, manufacture, or copyright notice | [1993] |
| 264 #4 - PRODUCTION, PUBLICATION, DISTRIBUTION, MANUFACTURE, AND COPYRIGHT NOTICE | |
| Date of production, publication, distribution, manufacture, or copyright notice | ©1993 |
| 300 ## - PHYSICAL DESCRIPTION | |
| Extent | vi, 391 pages: |
| Other physical details | illustrations, |
| Dimensions | 26.3 cm. |
| 336 ## - CONTENT TYPE | |
| Source | rdacontent |
| Content type term | text |
| 338 ## - CARRIER TYPE | |
| Source | rdacarrier |
| Carrier type term | volume |
| 650 ## - SUBJECT ADDED ENTRY--TOPICAL TERM | |
| Topical term or geographic name entry element | Home econimics--study and teaching. |
| 650 ## - SUBJECT ADDED ENTRY--TOPICAL TERM | |
| Topical term or geographic name entry element | Manual training--phil. vocational education. |
| 650 ## - SUBJECT ADDED ENTRY--TOPICAL TERM | |
| Topical term or geographic name entry element | vocational teachers. |
| 700 ## - ADDED ENTRY--PERSONAL NAME | |
| Personal name | Dagoon, Salvador |
| 700 ## - ADDED ENTRY--PERSONAL NAME | |
| Personal name | Lañada, Haidee B. |
| 942 ## - ADDED ENTRY ELEMENTS (KOHA) | |
| Source of classification or shelving scheme | Library of Congress Classification |
| Koha item type | Filipiniana |
| Withdrawn status | Source of classification or shelving scheme | Damaged status | Not for loan | Home library | Current library | Shelving location | Date acquired | Total Checkouts | Full call number | Barcode | Date last seen | Price effective from | Koha item type |
|---|---|---|---|---|---|---|---|---|---|---|---|---|---|
| Library of Congress Classification | Rodriguez College Library | Rodriguez College Library | Reference | 07/22/2017 | TX 165 D134 1993 | URSROD-2971 | 07/22/2017 | 07/22/2017 | Filipiniana |